[Event "Las Canas op"]
[Site "Las Canas"]
[Date "2023.02.19"]
[Round "4"]
[White "Mendez, Ignacio"]
[Black "Caillabet, Carlos"]
[Result "0-1"]
[WhiteElo "1874"]
[BlackElo "1336"]
[PlyCount "124"]
[EventDate "2023.02.18"]
[EventType "swiss"]
[EventRounds "5"]
[EventCountry "URU"]
[SourceTitle "CBM 213 Extra"]
[Source "ChessBase"]
[SourceDate "2023.05.31"]
[SourceVersion "1"]
[SourceVersionDate "2023.05.31"]
[SourceQuality "1"]

1. e4 d5 2. exd5 Qxd5 3. Nc3 Qa5 4. Nf3 Nf6 5. Bc4 e6 6. 0-0 c6 7. d3 Qc7 8. h3 Bd6 9. Ne4 Nxe4 10. dxe4 0-0 11. Re1 Nd7 12. e5 Nxe5 13. Nxe5 Bxe5 14. Be3 Bxb2 15. Rb1 Bc3 16. Bd2 Rd8 17. Bd3 Bxd2 18. Qxd2 c5 19. Qc3 b6 20. Be4 Bb7 21. Bxb7 Qxb7 22. Re3 Rd6 23. Rg3 g6 24. Qf3 Qxf3 25. Rxf3 Rd2 26. Rb2 Rad8 27. Ra3 a5 28. Rab3 Rb8 29. Rxb6 Rxb6 30. Rxb6 Rxc2 31. Rc6 Rxa2 32. Rxc5 a4 33. Ra5 Kf8 34. Ra7 Kg7 35. Kf1 Kf6 36. Ke1 a3 37. Kf1 Ra1+ 38. Ke2 a2 39. Ke3 Rg1 40. Rxa2 Rxg2 41. Kf3 Rg5 42. Ra4 Rf5+ 43. Kg3 h5 44. f3 g5 45. h4 gxh4+ 46. Rxh4 Kg5 47. Rc4 Rd5 48. Re4 Kf6 49. Ra4 Rg5+ 50. Kf2 e5 51. f4 exf4 52. Rxf4+ Rf5 53. Rxf5+ Kxf5 54. Kg3 Kg5 55. Kf3 f5 56. Kg3 f4+ 57. Kf3 h4 58. Kg2 Kg4 59. Kf2 h3 60. Kg1 Kg3 61. Kh1 f3 62. Kg1 f2+ 0-1

[Event "Villa Martelli Pro Am op 17th"]
[Site "Villa Martelli"]
[Date "2010.10.11"]
[Round "1"]
[White "Fabian, Gaston"]
[Black "Mendez, Ignacio"]
[Result "1-0"]
[WhiteElo "2266"]
[BlackElo "1874"]
[PlyCount "65"]
[EventDate "2010.10.10"]
[EventType "swiss"]
[EventRounds "9"]
[EventCountry "ARG"]
[SourceTitle "CBM 138 Extra"]
[Source "ChessBase"]
[SourceDate "2010.10.29"]
[SourceVersion "1"]
[SourceVersionDate "2010.10.29"]
[SourceQuality "1"]

1. d4 Nf6 2. c4 g6 3. Nc3 d5 4. cxd5 Nxd5 5. e4 Nxc3 6. bxc3 Bg7 7. Bc4 0-0 8. Ne2 c5 9. 0-0 Nc6 10. Be3 cxd4 11. cxd4 Bg4 12. f3 Na5 13. Bd3 Be6 14. d5 Bxa1 15. Qxa1 f6 16. Qd4 Bf7 17. Bh6 Re8 18. Bb5 a6 19. Bxe8 Bxe8 20. Rc1 Rc8 21. Rxc8 Qxc8 22. Qb4 Qd8 23. Nd4 Bd7 24. Bd2 b6 25. Qc3 Nb7 26. Nc6 Bxc6 27. dxc6 Nc5 28. Be3 Qd6 29. Qc4+ e6 30. Qd4 Qe7 31. c7 Qxc7 32. Qxf6 Qd6 33. Bd4 1-0